Statistics for FIFA World Cup All-Time Team

Click here to take the quiz!

General Stats

  • This quiz has been taken 2,982 times
  • The average score is 6 of 11

Answer Stats

Answer% Correct
Pele
93%
Diego Maradona
90%
Lev Yashin
76%
Franz Beckenbauer
67%
Johan Cruyff
56%
Bobby Moore
55%
Michel Platini
49%
Bobby Charlton
43%
Garrincha
33%
Paul Breitner
10%
Djalma Santos
8%

Score Distribution

Percentile by Number Answered

Percent of People with Each Score

Your Score History

You have not taken this quiz